000 00723nam a22002297a 4500
005 20170124110100.0
010 _aA-733036
020 _c300.00
_a8121700329
035 _aA-733036
037 _bCen Lib/Ret
040 _aDPL
_bEN
082 _a954.01
_bPAN
100 _aPandey, Indu Prabha
_927063
245 _aDress and ornaments in ancient India /
_cby Indu Prabha pandey
260 _bBhartiya Vidya Prakashan
_aNew Delhi
_c1988
270 _bNew Delhi
_a1 U.B. Jawahar Nagar, Bunglow Road
_e110007
300 _axi, 232p. ;
_c21cm(Hb)
_bill.
500 _aIncludes index
650 _aManners and customs
_986461
650 _aDress accessories
_927065
942 _2ddc
_cEN
_h954.01
_mPAN
999 _c129664
_d129664